000 00478nam a2200181Ia 4500
001 21174
005 20260306172900.0
008 260306t2016||||xx |||||||||||||| ||spa||
041 _aESP
082 _a344J
_bC32 T. 2
100 _aCastillo Alva, José Luis
_eAUT
245 0 _aJurisprudencia vinculante:
_bpenal, procesal penal y de ejecución penal
260 _c2016
300 _a879 páginas :
_c25 cm.
650 _aGEN
654 _aCDE
942 _cLIB
_dJUS
_fJUS
_2ddc
_n
999 _c21174
_d21174